1767 1851 1592 1215 1045 1508 1514 1510 1954 1581 1850 1269 1091 1466 1938 1979 1100 1299 1060 1916 1886 1982 1791 1311 1678 1343 1220 1174 1678 1539 1069 1319 1346 1863 1131 1514 1201 1415 1988 1736 1619 1193 1692 1150 1007 1985 1207 1247 1922 1962 1888 1068 1971 1081 1211 1623 1897 1669 1184 1958 1509 1269 1246 1270 1627 1219 1706 1604 1773 1634 1503 1814 1073 1988 1302 1450 1888 1527 1236 1300 1028 1377 1809 1410 1667 1564 1301 1569 1861 1632 1502 1974 1802 1523 1298 1900 1344 1060 1257 BCNSPRNW ULIB Ver.6.0+V

เปลี่ยนเป็นภาษาไทย

Change to English
 แสดงรายละเอียดบรรณานุกรม
  กลับหน้าหลัก

Brief Record : Get Marc (ISO 2709) : E-mail record : QR code < ปิดหน้าต่าง
LEADER : 00000nam 2200000uu 4500
001    13399113656
003     ULIB
008    111213s2546||||th 000 0 tha d
020    ^a9749656024
090    ^aนว.^bร930ฮ ล.5 2546
100 0  ^aโรว์ลิ่ง, เจ.เค.
245 00 ^aแฮร์รี่ พอตเตอร์ กับห้องแห่งความลับ เล่ม 2/^cโรว์ลิ่ง, เจ.เค.
250    ^aพิมพ์ครั้งที่ 1
260    ^aกรุงเทพฯ :^bนานมีบุ๊คส์,^c2546
300    ^a1048 หน้า
710 1  ^aนานมีบุ๊คส์
945    ^p495^l0^i14050
995    ^aกัณชพร
999 ^a ใช้งานได้ทุกระบบ
รายการนี้ยังไม่มีแท็ก
คุณยังไม่ได้ล็อกอิน คุณสามารถมีกิจกรรมร่วมกับเว็บไซต์ได้ แต่ต้องล็อกอินก่อน ::
  ล็อกอิน

รายการสื่อสารสนเทศ

ลำดับที่ ประเภท เลขเรียก/บาร์โค้ด สถานที่ สถานะ
- ไม่พบข้อมูล -

รายการใกล้เคียง
    ผู้แต่ง [โรว์ลิ่ง, เจ.เค.]

BibComment


ยังไม่เคยถูกคอมเมนท์

คอมเมนท์ทรัพยากรรายการนี้
  คอมเมนท์: แฮร์รี่ พอตเตอร์..


 Copyright 2026. Bcnsprnw @Library